[Event "Steinfurt Bezirksliga 1617"]
[Site "Germany"]
[Date "2016.09.24"]
[Round "1.7"]
[White "Loebbel, Timo"]
[Black "Siebald, Joerg"]
[Result "1/2-1/2"]
[WhiteElo "1414"]
[BlackElo "1739"]
[PlyCount "48"]
[EventDate "2016.09.24"]
[EventType "team"]
[EventRounds "9"]
[EventCountry "GER"]
[SourceTitle "EXT 2018"]
[Source "ChessBase"]
[SourceDate "2017.10.13"]
[SourceVersion "1"]
[SourceVersionDate "2017.10.13"]
[SourceQuality "1"]
[WhiteTeam "Emsdetten Rochade IV"]
[BlackTeam "Emsdetten Rochade III"]
[WhiteTeamCountry "GER"]
[BlackTeamCountry "GER"]

1. d4 Nf6 2. c4 g6 3. Nc3 Bg7 4. Bg5 0-0 5. Nf3 d6 6. e3 c5 7. Be2 Nbd7 8. Qc2 a6 9. b3 Re8 10. 0-0 Nf8 11. dxc5 dxc5 12. Rad1 Qa5 13. Nd5 Nxd5 14. Rxd5 Ne6 15. Bh4 Nc7 16. Rdd1 Bf5 17. Bd3 Bg4 18. Be2 Rf8 19. h3 Bf5 20. Bd3 Bxd3 21. Rxd3 Rad8 22. Rfd1 Ne6 23. Ng5 Nxg5 24. Bxg5 Qc7 1/2-1/2

[Event "Steinfurt Bezirksklasse 1415"]
[Site "Germany"]
[Date "2014.10.25"]
[Round "2.5"]
[White "Loebbel, Timo"]
[Black "Herick, Maria"]
[Result "1/2-1/2"]
[WhiteElo "1471"]
[BlackElo "1262"]
[PlyCount "40"]
[EventDate "2014.09.20"]
[EventType "team-tourn"]
[EventRounds "9"]
[EventCountry "GER"]
[SourceTitle "EXT 2016"]
[Source "ChessBase"]
[SourceDate "2015.10.08"]
[SourceVersion "1"]
[SourceVersionDate "2015.10.08"]
[SourceQuality "1"]
[WhiteTeam "Emsdetten Rochade IV"]
[BlackTeam "Steinfurt IV"]
[WhiteTeamCountry "GER"]
[BlackTeamCountry "GER"]

1. d4 d5 2. c4 e6 3. Nc3 Nf6 4. e3 c5 5. Nf3 Nc6 6. a3 a5 7. dxc5 Bxc5 8. cxd5 exd5 9. Bb5 0-0 10. 0-0 Bg4 11. h3 Bh5 12. Be2 Bxf3 13. Bxf3 d4 14. exd4 Bxd4 15. Nb5 Bc5 16. Qc2 Qb6 17. Nc3 Nd4 18. Qd3 Rad8 19. Na4 Nb3 20. Qe2 Rfe8 1/2-1/2

[Event "Steinfurt Bezirksliga 1415"]
[Site "Germany"]
[Date "2014.09.06"]
[Round "1.7"]
[White "Loebbel, Timo"]
[Black "Woeste, Georg"]
[Result "1/2-1/2"]
[WhiteElo "1458"]
[BlackElo "1694"]
[PlyCount "33"]
[EventDate "2014.09.06"]
[EventType "team-tourn"]
[EventRounds "9"]
[EventCountry "GER"]
[SourceTitle "EXT 2016"]
[Source "ChessBase"]
[SourceDate "2015.10.08"]
[SourceVersion "1"]
[SourceVersionDate "2015.10.08"]
[SourceQuality "1"]
[WhiteTeam "Emsdetten Rochade III"]
[BlackTeam "Reckenfeld"]
[WhiteTeamCountry "GER"]
[BlackTeamCountry "GER"]

1. d4 d5 2. c4 e6 3. e3 Nf6 4. Nc3 Be7 5. Nf3 0-0 6. Be2 c6 7. 0-0 Nbd7 8. Qc2 b6 9. b3 Bb7 10. Bb2 Rc8 11. Rfd1 Qc7 12. Rac1 Rfe8 13. h3 Bd6 14. Bd3 h6 15. a4 a6 16. Qb1 Qb8 17. Ba1 1/2-1/2

[Event "Steinfurt Bezirksklasse 0910"]
[Site "Germany"]
[Date "2010.04.17"]
[Round "6.4"]
[White "Roos, Philipp"]
[Black "Loebbel, Timo"]
[Result "0-1"]
[WhiteElo "1326"]
[BlackElo "1488"]
[PlyCount "66"]
[EventDate "2009.09.26"]
[EventType "team-tourn"]
[EventRounds "7"]
[EventCountry "GER"]
[SourceTitle "EXT 2011"]
[Source "ChessBase"]
[SourceDate "2010.11.26"]
[SourceVersion "1"]
[SourceVersionDate "2010.11.26"]
[SourceQuality "1"]
[WhiteTeam "Saerbeck III"]
[BlackTeam "Emsdetten Rochade III"]
[WhiteTeamCountry "GER"]
[BlackTeamCountry "GER"]

1. d4 e6 2. c4 Bb4+ 3. Bd2 c5 4. Bxb4 cxb4 5. a3 bxa3 6. Rxa3 Ne7 7. e4 0-0 8. Nf3 d5 9. Nc3 dxc4 10. Bxc4 b6 11. 0-0 Bb7 12. d5 exd5 13. Nxd5 Nd7 14. Rd3 Nxd5 15. Bxd5 Rb8 16. b4 Ba6 17. Bc6 Bxd3 18. Qxd3 Nf6 19. Qa6 Qe7 20. Re1 Rfc8 21. b5 Rc7 22. e5 Nd7 23. Qa4 Rd8 24. Qe4 Nc5 25. Qg4 a6 26. h4 axb5 27. Bxb5 Qe6 28. Qh5 h6 29. g4 g6 30. Qxh6 Qxg4+ 31. Kf1 Qxf3 32. Qg5 Ne6 33. Qh6 Rc2 0-1

[Event "Steinfurt Bezirksklasse 0910"]
[Site "Germany"]
[Date "2010.03.06"]
[Round "5.4"]
[White "Dau, Dietmar"]
[Black "Loebbel, Timo"]
[Result "1/2-1/2"]
[WhiteElo "1333"]
[BlackElo "1488"]
[PlyCount "39"]
[EventDate "2009.09.26"]
[EventType "team-tourn"]
[EventRounds "7"]
[EventCountry "GER"]
[SourceTitle "EXT 2011"]
[Source "ChessBase"]
[SourceDate "2010.11.26"]
[SourceVersion "1"]
[SourceVersionDate "2010.11.26"]
[SourceQuality "1"]
[WhiteTeam "Ibbenbueren III"]
[BlackTeam "Emsdetten Rochade III"]
[WhiteTeamCountry "GER"]
[BlackTeamCountry "GER"]

1. d4 e6 2. c4 Bb4+ 3. Bd2 c5 4. dxc5 Bxc5 5. e3 Nf6 6. Nc3 0-0 7. Nf3 d5 8. cxd5 Nxd5 9. a3 Nxc3 10. Bxc3 a6 11. Qxd8 Rxd8 12. Be2 b5 13. b4 Be7 14. 0-0 Ra7 15. Rfd1 Rad7 16. Rxd7 Rxd7 17. Bb2 f6 18. Rc1 Bb7 19. Bd4 Kf7 20. Kf1 1/2-1/2

[Event "Steinfurt Bezirksklasse 0910"]
[Site "Germany"]
[Date "2010.01.16"]
[Round "3.6"]
[White "Niering, Bernhard"]
[Black "Loebbel, Timo"]
[Result "0-1"]
[WhiteElo "1217"]
[BlackElo "1488"]
[PlyCount "104"]
[EventDate "2009.09.26"]
[EventType "team-tourn"]
[EventRounds "7"]
[EventCountry "GER"]
[SourceTitle "EXT 2011"]
[Source "ChessBase"]
[SourceDate "2010.11.26"]
[SourceVersion "1"]
[SourceVersionDate "2010.11.26"]
[SourceQuality "1"]
[WhiteTeam "Steinfurt IV"]
[BlackTeam "Emsdetten Rochade III"]
[WhiteTeamCountry "GER"]
[BlackTeamCountry "GER"]

1. d4 e6 2. e3 Nf6 3. Bd3 c5 4. c3 cxd4 5. cxd4 d5 6. Nf3 Bd6 7. b3 Nbd7 8. Ba3 Bxa3 9. Nxa3 Qa5+ 10. Qd2 Qxa3 11. b4 b6 12. Rb1 a5 13. Rb3 Qa4 14. b5 Ne4 15. Qb2 Bb7 16. 0-0 Rc8 17. Bc2 Qc4 18. Rc1 Qc7 19. Ne1 Nd2 20. Rd3 Nc4 21. Qb3 0-0 22. Rdd1 Qd6 23. a4 Nf6 24. Rd3 Ng4 25. g3 Rc7 26. Rc3 Rfc8 27. Bd1 Nf6 28. g4 Nd2 29. Qb2 Rxc3 30. Rxc3 Rxc3 31. Qxc3 Nfe4 32. Qd3 Nc4 33. Bc2 g6 34. f3 Qb4 35. Qe2 Nc3 36. Qf2 Nxa4 37. Qh4 Qxb5 38. Qd8+ Kg7 39. g5 Bc6 40. Qf6+ Kg8 41. Bd3 Nab2 42. Be2 a4 43. e4 dxe4 44. fxe4 a3 45. d5 exd5 46. Qd8+ Be8 47. exd5 Qd7 48. Qa8 Kg7 49. Ng2 f6 50. gxf6+ Kxf6 51. Bxc4 Nxc4 52. d6 b5 0-1

[Event "Muensterland Verbandsklasse-A 0809"]
[Site "Germany"]
[Date "2008.09.13"]
[Round "1.8"]
[White "Loebbel, Timo"]
[Black "Schwabenland, Arthur"]
[Result "1/2-1/2"]
[WhiteElo "1513"]
[BlackElo "1334"]
[PlyCount "39"]
[EventDate "2008.09.13"]
[EventType "tourn"]
[EventRounds "9"]
[EventCountry "GER"]
[SourceTitle "EXT 2010"]
[Source "ChessBase"]
[SourceDate "2010.11.25"]
[SourceVersion "1"]
[SourceVersionDate "2010.11.25"]
[SourceQuality "1"]
[WhiteTeam "Emsdetten Rochade"]
[BlackTeam "Gronau II"]
[WhiteTeamCountry "GER"]
[BlackTeamCountry "GER"]

1. d4 Nf6 2. c4 e6 3. Nc3 d5 4. e3 b6 5. Nf3 Bb7 6. Be2 Be7 7. 0-0 0-0 8. b3 Nbd7 9. Bb2 c6 10. Rc1 Rc8 11. Qc2 c5 12. Rfd1 Qc7 13. a3 Rfe8 14. Nb5 Qb8 15. Qb1 a6 16. Nc3 Bd6 17. cxd5 Nxd5 18. h3 N7f6 19. dxc5 Bxc5 20. Nxd5 1/2-1/2

[Event "Steinfurt Bezirksliga 0708"]
[Site "Germany"]
[Date "2008.03.15"]
[Round "7.8"]
[White "Loebbel, Timo"]
[Black "Bahr, Maximilian"]
[Result "1-0"]
[WhiteElo "1484"]
[BlackElo "844"]
[PlyCount "73"]
[EventDate "2007.09.22"]
[EventType "team-tourn"]
[EventRounds "9"]
[EventCountry "GER"]
[SourceTitle "EXT 2009"]
[Source "ChessBase"]
[SourceDate "2008.11.26"]
[SourceVersion "1"]
[SourceVersionDate "2008.11.26"]
[SourceQuality "1"]
[WhiteTeam "Emsdetten Rochade III"]
[BlackTeam "Rheine SG"]
[WhiteTeamCountry "GER"]
[BlackTeamCountry "GER"]

1. d4 d5 2. c4 e6 3. e3 Bb4+ 4. Bd2 Bxd2+ 5. Qxd2 Nf6 6. Nc3 0-0 7. Nf3 dxc4 8. Bxc4 Nc6 9. Rc1 Qd6 10. a3 Na5 11. Ba2 b6 12. Nb5 Qd7 13. Nxc7 Nd5 14. Nxa8 Ba6 15. b4 Nb7 16. Bxd5 exd5 17. Nc7 Bc4 18. Ne5 Qd6 19. Nxc4 Qxc7 20. Na5 Qd7 21. Nxb7 Qxb7 22. 0-0 Qa6 23. Rc3 h6 24. Rfc1 b5 25. Qc2 g6 26. Qb3 Rd8 27. Rc6 Qb7 28. Rc7 Qb8 29. R1c6 Qa8 30. Qc3 Kg7 31. Qc5 a5 32. Ra7 Qb8 33. Rcc7 axb4 34. Rxf7+ Kg8 35. Rg7+ Kh8 36. Rh7+ Kg8 37. Rag7# 1-0

[Event "Steinfurt Bezirksliga 0708"]
[Site "Germany"]
[Date "2008.01.19"]
[Round "5.8"]
[White "Tebbe, Jonas"]
[Black "Loebbel, Timo"]
[Result "0-1"]
[WhiteElo "1469"]
[BlackElo "1484"]
[PlyCount "41"]
[EventDate "2007.09.22"]
[EventType "team-tourn"]
[EventRounds "9"]
[EventCountry "GER"]
[SourceTitle "EXT 2009"]
[Source "ChessBase"]
[SourceDate "2008.11.26"]
[SourceVersion "1"]
[SourceVersionDate "2008.11.26"]
[SourceQuality "1"]
[WhiteTeam "Nordwalde II"]
[BlackTeam "Emsdetten Rochade III"]
[WhiteTeamCountry "GER"]
[BlackTeamCountry "GER"]

1. e4 e6 2. d4 d5 3. f3 c5 4. Be3 cxd4 5. Bxd4 dxe4 6. fxe4 Qh4+ 7. Bf2 Qxe4+ 8. Be2 Qxg2 9. Bf3 Qg5 10. Nc3 Bc5 11. Bd4 Qh4+ 12. Ke2 Bxd4 13. Nb5 Bb6 14. Nd6+ Kf8 15. Nxc8 Qc4+ 16. Qd3 Qxc8 17. Rd1 Nc6 18. Bxc6 bxc6 19. Nf3 Nf6 20. Qd6+ Ke8 21. Ne5 0-1

[Event "Steinfurt Bezirksliga 0607"]
[Site "Germany"]
[Date "2007.02.03"]
[Round "6.8"]
[White "Loebbel, Timo"]
[Black "Gildehaus, Simon"]
[Result "0-1"]
[WhiteElo "1515"]
[BlackElo "1517"]
[PlyCount "62"]
[EventDate "2006.09.09"]
[EventType "team-tourn"]
[EventRounds "9"]
[EventCountry "GER"]
[SourceTitle "EXT 2008"]
[Source "ChessBase"]
[SourceDate "2007.11.25"]
[SourceVersion "1"]
[SourceVersionDate "2007.11.25"]
[SourceQuality "1"]
[WhiteTeam "Emsdetten Rochade III"]
[BlackTeam "Saerbeck II"]
[WhiteTeamCountry "GER"]
[BlackTeamCountry "GER"]

1. d4 d5 2. c4 Nf6 3. Nc3 e6 4. e3 Nbd7 5. Nf3 c5 6. dxc5 Nxc5 7. cxd5 exd5 8. b3 Be7 9. Be2 Nce4 10. Bd2 Nxd2 11. Nxd2 Bb4 12. Bb5+ Bd7 13. Bxd7+ Qxd7 14. Rc1 0-0 15. 0-0 d4 16. Nde4 Nxe4 17. Nxe4 Qe7 18. Qxd4 Rfd8 19. Qc4 Ba3 20. Rc2 Rd7 21. Rd2 Rc7 22. Qd4 Bb4 23. Rd3 Rac8 24. Rfd1 h6 25. g3 Rc1 26. Kg2 Rxd1 27. Rxd1 Ba5 28. Nd6 Rd8 29. Nf5 Qg5 30. Nd6 Bc7 31. e4 Rxd6 0-1

[Event "Steinfurt Bezirksklasse 0506"]
[Site "Germany"]
[Date "2006.04.01"]
[Round "7.2"]
[White "Loebbel, Timo"]
[Black "Nordholt, Uwe"]
[Result "1/2-1/2"]
[WhiteElo "1518"]
[BlackElo "1825"]
[PlyCount "44"]
[EventDate "2005.09.10"]
[EventType "team-tourn"]
[EventRounds "7"]
[EventCountry "GER"]
[SourceTitle "EXT 2006"]
[Source "ChessBase"]
[SourceDate "2005.11.24"]
[SourceVersion "1"]
[SourceVersionDate "2005.11.24"]
[SourceQuality "1"]
[WhiteTeam "Emsdetten Rochade IV"]
[BlackTeam "Rheine SG"]
[WhiteTeamCountry "GER"]
[BlackTeamCountry "GER"]

1. d4 Nf6 2. c4 e6 3. Nc3 Bb4 4. Bd2 c5 5. dxc5 Bxc5 6. Nf3 Nc6 7. e3 0-0 8. a3 d5 9. cxd5 exd5 10. Be2 Bg4 11. h3 Bh5 12. 0-0 Qe7 13. Re1 Rad8 14. Nh4 Bxe2 15. Nxe2 Ne4 16. Nf3 Ne5 17. Nxe5 Qxe5 18. Bc3 Qf5 19. Rf1 Rd6 20. Bd4 Bxd4 21. Nxd4 Qd7 22. Rc1 Rg6 1/2-1/2

[Event "Steinfurt Bezirksklasse 0506"]
[Site "Germany"]
[Date "2005.11.12"]
[Round "3.2"]
[White "Schmitz, Carolin"]
[Black "Loebbel, Timo"]
[Result "0-1"]
[WhiteElo "1468"]
[BlackElo "1518"]
[PlyCount "150"]
[EventDate "2005.09.10"]
[EventType "team-tourn"]
[EventRounds "7"]
[EventCountry "GER"]
[SourceTitle "EXT 2006"]
[Source "ChessBase"]
[SourceDate "2005.11.24"]
[SourceVersion "1"]
[SourceVersionDate "2005.11.24"]
[SourceQuality "1"]
[WhiteTeam "Nordwalde II"]
[BlackTeam "Emsdetten Rochade IV"]
[WhiteTeamCountry "GER"]
[BlackTeamCountry "GER"]

1. e4 e6 2. d4 d5 3. e5 c5 4. c3 Nc6 5. Be3 Qb6 6. Qd2 Bd7 7. Ne2 Rc8 8. g3 cxd4 9. cxd4 Bb4 10. Nbc3 Bxc3 11. Nxc3 Nge7 12. Bg2 Nf5 13. 0-0 Ncxd4 14. Bxd4 Qxd4 15. Qxd4 Nxd4 16. Rad1 Nb5 17. Nxd5 exd5 18. Bxd5 Bc6 19. Bb3 Ke7 20. a4 Nc7 21. Rd2 Rhd8 22. Rfd1 Ne6 23. f4 Rxd2 24. Rxd2 Rd8 25. Rxd8 Nxd8 26. Bc2 h6 27. Kf2 Ne6 28. Ke3 f6 29. exf6+ Kxf6 30. b3 a5 31. h4 g5 32. fxg5+ hxg5 33. hxg5+ Nxg5 34. Kd4 Ne6+ 35. Kc3 Nc7 36. Kd4 Na6 37. Bd1 b6 38. Be2 Nc5 39. Bd1 Ke6 40. Kc4 Bd5+ 41. Kb5 Bxb3 42. Kxb6 Nxa4+ 43. Kxa5 Bxd1 44. Kb5 Kf5 45. Kc4 Kg4 46. Kd3 Kxg3 47. Kd4 Kf3 48. Ke5 Bc2 49. Kd4 Be4 50. Ke5 Nc5 51. Kd4 Nb3+ 52. Ke5 Ke3 53. Ke6 Kf4 54. Kd6 Kf5 55. Kc7 Ke6 56. Kb6 Bd3 57. Kc6 Bc4 58. Kc7 Nd4 59. Kb6 Kd6 60. Ka5 Kc5 61. Ka4 Nc2 62. Ka5 Bb3 63. Ka6 Nb4+ 64. Ka5 Nc6+ 65. Ka6 Bc4+ 66. Kb7 Na5+ 67. Kc7 Bb5 68. Kd8 Kd6 69. Kc8 Bd7+ 70. Kb8 Kc6 71. Ka7 Bf5 72. Kb8 Kb6 73. Ka8 Bc8 74. Kb8 Ba6 75. Ka8 Bb7+ 0-1

[Event "Steinfurt Bezirksklasse 0506"]
[Site "Germany"]
[Date "2005.10.22"]
[Round "2.2"]
[White "Loebbel, Timo"]
[Black "Baltes, Manfred"]
[Result "1/2-1/2"]
[WhiteElo "1515"]
[BlackElo "1535"]
[PlyCount "54"]
[EventDate "2005.09.10"]
[EventType "team-tourn"]
[EventRounds "7"]
[EventCountry "GER"]
[SourceTitle "EXT 2006"]
[Source "ChessBase"]
[SourceDate "2005.11.24"]
[SourceVersion "1"]
[SourceVersionDate "2005.11.24"]
[SourceQuality "1"]
[WhiteTeam "Emsdetten Rochade IV"]
[BlackTeam "Steinfurt III"]
[WhiteTeamCountry "GER"]
[BlackTeamCountry "GER"]

1. d4 Nf6 2. c4 c5 3. d5 e6 4. dxe6 fxe6 5. Nc3 d5 6. e3 a6 7. Nf3 Nc6 8. Qc2 Be7 9. Bd3 Nb4 10. Qb1 Nxd3+ 11. Qxd3 0-0 12. b3 dxc4 13. Qxc4 b5 14. Qe2 Bb7 15. Bb2 Qc7 16. 0-0 Nd5 17. e4 Nf4 18. Qc2 Bf6 19. g3 Ng6 20. Nd2 Bd4 21. Nd1 Qe5 22. Bxd4 cxd4 23. f4 Qd6 24. Nf2 Rac8 25. Qb2 e5 26. f5 Ne7 27. g4 g6 1/2-1/2

[Event "Steinfurt Bezirksklasse 0405"]
[Site "Germany"]
[Date "2005.05.07"]
[Round "10.2"]
[White "Loebbel, Timo"]
[Black "Bloemker, Stephan"]
[Result "1-0"]
[WhiteElo "1473"]
[BlackElo "1291"]
[PlyCount "79"]
[EventDate "2004.09.18"]
[EventType "team-tourn"]
[EventRounds "11"]
[EventCountry "GER"]
[SourceTitle "EXT 2006"]
[Source "ChessBase"]
[SourceDate "2005.11.24"]
[SourceVersion "1"]
[SourceVersionDate "2005.11.24"]
[SourceQuality "1"]
[WhiteTeam "Emsdetten Rochade IV"]
[BlackTeam "Saerbeck IV"]
[WhiteTeamCountry "GER"]
[BlackTeamCountry "GER"]

1. d4 d5 2. c4 Nf6 3. e3 Nc6 4. Nc3 Bf5 5. Nf3 e6 6. cxd5 Nxd5 7. Bb5 Bb4 8. Bd2 0-0 9. Bxc6 bxc6 10. Ne5 Qd6 11. Rc1 f6 12. Nc4 Qe7 13. a3 Bxc3 14. Bxc3 Rab8 15. b4 e5 16. dxe5 Nxc3 17. Rxc3 fxe5 18. 0-0 c5 19. Qd5+ Be6 20. Qxc5 Qxc5 21. bxc5 Bxc4 22. Rxc4 Rb3 23. Ra1 Rd8 24. Ra4 Rd5 25. Rxa7 Rxc5 26. a4 Kf7 27. Ra8 Rb4 28. g3 e4 29. Ra2 Kf6 30. a5 Rbb5 31. a6 Ra5 32. Rxa5 Rxa5 33. a7 Kg5 34. Kg2 Kg4 35. h3+ Kg5 36. h4+ Kg4 37. Rg8 Rxa7 38. Rxg7+ Kf5 39. Rxh7 Ra4 40. Rxc7 1-0

[Event "Steinfurt Bezirksklasse 0405"]
[Site "Germany"]
[Date "2005.04.16"]
[Round "9.2"]
[White "Just, Sergey"]
[Black "Loebbel, Timo"]
[Result "1/2-1/2"]
[WhiteElo "1522"]
[BlackElo "1473"]
[PlyCount "88"]
[EventDate "2004.09.18"]
[EventType "team-tourn"]
[EventRounds "11"]
[EventCountry "GER"]
[SourceTitle "EXT 2006"]
[Source "ChessBase"]
[SourceDate "2005.11.24"]
[SourceVersion "1"]
[SourceVersionDate "2005.11.24"]
[SourceQuality "1"]
[WhiteTeam "Steinfurt III"]
[BlackTeam "Emsdetten Rochade IV"]
[WhiteTeamCountry "GER"]
[BlackTeamCountry "GER"]

1. d4 e6 2. Nf3 d5 3. Bf4 Nf6 4. e3 Bd7 5. c4 Bb4+ 6. Nbd2 Ne4 7. a3 Nxd2 8. Nxd2 Bd6 9. Bxd6 cxd6 10. cxd5 exd5 11. Qb3 Bc6 12. Bb5 Qb6 13. Bxc6+ bxc6 14. 0-0 Na6 15. Qxb6 axb6 16. Rac1 Kd7 17. Rc2 Rhc8 18. Rfc1 c5 19. dxc5 dxc5 20. Nb1 Rc7 21. Rd1 Ke6 22. Kf1 Rd8 23. Rcd2 Rcd7 24. Nc3 c4 25. Nb5 Nb8 26. Ke2 Nc6 27. Nd4+ Nxd4+ 28. Rxd4 b5 29. Kd2 Kd6 30. Kc3 Kc5 31. b3 cxb3 32. Kxb3 f5 33. Rc1+ Kb6 34. Kb4 Ra8 35. Rcd1 Ra4+ 36. Kb3 Rxd4 37. Rxd4 Rc7 38. Kb2 Rc4 39. Rd3 Kc6 40. Rc3 g6 41. Kc2 Kd6 42. Kd3 Kc6 43. Kd2 Kb6 44. Rd3 Kc6 1/2-1/2

[Event "Steinfurt Bezirksklasse 0405"]
[Site "Germany"]
[Date "2005.03.12"]
[Round "8.2"]
[White "Loebbel, Timo"]
[Black "Hooft, Rudolf"]
[Result "1/2-1/2"]
[WhiteElo "1473"]
[BlackElo "1446"]
[PlyCount "58"]
[EventDate "2004.09.18"]
[EventType "team-tourn"]
[EventRounds "11"]
[EventCountry "GER"]
[SourceTitle "EXT 2006"]
[Source "ChessBase"]
[SourceDate "2005.11.24"]
[SourceVersion "1"]
[SourceVersionDate "2005.11.24"]
[SourceQuality "1"]
[WhiteTeam "Emsdetten Rochade IV"]
[BlackTeam "Rheine SG II"]
[WhiteTeamCountry "GER"]
[BlackTeamCountry "GER"]

1. d4 d5 2. c4 e6 3. e3 Nf6 4. Nc3 c5 5. cxd5 cxd4 6. Qxd4 exd5 7. Nf3 a6 8. Bd2 Nc6 9. Qa4 Bd7 10. Qb3 Na5 11. Qd1 Bd6 12. Be2 0-0 13. 0-0 Qc7 14. Rc1 Nc6 15. Na4 Rac8 16. Nc5 Bg4 17. h3 Bxf3 18. Bxf3 Qe7 19. Nb3 Qe5 20. g3 Ne4 21. Bc3 Nxc3 22. Rxc3 Ne7 23. Qd4 Qg5 24. h4 Qf5 25. Rxc8 Qxc8 26. Bxd5 Nxd5 27. Qxd5 Rd8 28. Rc1 Qb8 29. Rd1 Be7 1/2-1/2

[Event "Steinfurt Bezirksklasse 0405"]
[Site "Germany"]
[Date "2004.11.27"]
[Round "4.2"]
[White "Loebbel, Timo"]
[Black "Engfer, Klaus"]
[Result "1/2-1/2"]
[WhiteElo "1473"]
[BlackElo "1623"]
[PlyCount "53"]
[EventDate "2004.09.18"]
[EventType "team-tourn"]
[EventRounds "11"]
[EventCountry "GER"]
[SourceTitle "EXT 2006"]
[Source "ChessBase"]
[SourceDate "2005.11.24"]
[SourceVersion "1"]
[SourceVersionDate "2005.11.24"]
[SourceQuality "1"]
[WhiteTeam "Emsdetten Rochade IV"]
[BlackTeam "Rheine CC"]
[WhiteTeamCountry "GER"]
[BlackTeamCountry "GER"]

1. d4 d5 2. c4 Nc6 3. e3 Nf6 4. Nc3 e6 5. Nf3 Bb4 6. Bd2 0-0 7. a3 Bxc3 8. Bxc3 Re8 9. b4 a6 10. Bd3 Ne4 11. Bb2 Bd7 12. Qc2 f5 13. 0-0 Rb8 14. Ne5 Nxe5 15. dxe5 c6 16. f4 b5 17. cxb5 cxb5 18. Bc3 a5 19. Kh1 Qh4 20. Be1 Qh6 21. Rg1 Kf7 22. Bxe4 fxe4 23. Qf2 g6 24. Qh4 Qxh4 25. Bxh4 Rg8 26. Raf1 Rbf8 27. Be1 1/2-1/2

[Event "Steinfurt Bezirksklasse 0405"]
[Site "Germany"]
[Date "2004.10.09"]
[Round "2.2"]
[White "Kumpmann, Ulrich"]
[Black "Loebbel, Timo"]
[Result "1/2-1/2"]
[WhiteElo "1513"]
[BlackElo "1473"]
[PlyCount "40"]
[EventDate "2004.09.18"]
[EventType "team-tourn"]
[EventRounds "11"]
[EventCountry "GER"]
[SourceTitle "EXT 2006"]
[Source "ChessBase"]
[SourceDate "2005.11.24"]
[SourceVersion "1"]
[SourceVersionDate "2005.11.24"]
[SourceQuality "1"]
[WhiteTeam "Nordwalde III"]
[BlackTeam "Emsdetten Rochade IV"]
[WhiteTeamCountry "GER"]
[BlackTeamCountry "GER"]

1. e4 e6 2. Nc3 d5 3. d4 Bb4 4. e5 c5 5. Nf3 Nc6 6. Bb5 Qb6 7. Bxc6+ Qxc6 8. Bd2 b6 9. a3 Ba5 10. Rb1 Bxc3 11. Bxc3 Ba6 12. Qd2 Nh6 13. b4 cxd4 14. Nxd4 Qc7 15. b5 Bb7 16. 0-0 0-0 17. Rfe1 Rac8 18. Rb3 Qd7 19. Qf4 Rc4 20. Re3 Nf5 1/2-1/2

[Event "Steinfurt Bezirksklasse 0405"]
[Site "Germany"]
[Date "2004.09.18"]
[Round "1.2"]
[White "Loebbel, Timo"]
[Black "Merschkoetter, Peter"]
[Result "1-0"]
[WhiteElo "1473"]
[BlackElo "1609"]
[PlyCount "93"]
[EventDate "2004.09.18"]
[EventType "team-tourn"]
[EventRounds "11"]
[EventCountry "GER"]
[SourceTitle "EXT 2006"]
[Source "ChessBase"]
[SourceDate "2005.11.24"]
[SourceVersion "1"]
[SourceVersionDate "2005.11.24"]
[SourceQuality "1"]
[WhiteTeam "Emsdetten Rochade IV"]
[BlackTeam "Reckenfeld II"]
[WhiteTeamCountry "GER"]
[BlackTeamCountry "GER"]

1. d4 Nf6 2. c4 g6 3. Nc3 d5 4. e3 Bg7 5. Nf3 0-0 6. Bd3 b6 7. b4 c5 8. Ba3 cxd4 9. exd4 dxc4 10. Bxc4 Qc7 11. Qb3 Nc6 12. 0-0 Ng4 13. Nb5 Nxd4 14. Nxc7 Nxb3 15. Bxb3 Bb7 16. Nxa8 Bxa1 17. Rxa1 Bxa8 18. b5 Re8 19. Nd4 Ne5 20. Re1 Rd8 21. Rxe5 Rxd4 22. Rxe7 Re4 23. Rxe4 Bxe4 24. f3 Bd3 25. Bd6 Bxb5 26. Bb8 Bc6 27. Bxa7 b5 28. Bc5 Kg7 29. Be7 h5 30. Kf2 f6 31. f4 f5 32. h4 Bb7 33. g3 Bc6 34. Ke3 Be8 35. Kd4 Bd7 36. Kc5 Be8 37. Bd5 Kh7 38. Bc6 Bf7 39. a3 Kg7 40. Bxb5 Be6 41. Bc4 Bd7 42. Bb5 Be6 43. a4 Kf7 44. Bg5 Bc8 45. a5 Ke6 46. Bc4+ Kd7 47. Bf7 1-0

[Event "Steinfurt Bezirksliga 0304"]
[Site "Germany"]
[Date "2004.03.27"]
[Round "7.8"]
[White "Hohenberger, Rudolf"]
[Black "Loebbel, Timo"]
[Result "1/2-1/2"]
[WhiteElo "1417"]
[BlackElo "1518"]
[PlyCount "67"]
[EventDate "2003.10.18"]
[EventType "team-tourn"]
[EventRounds "9"]
[EventCountry "GER"]
[SourceTitle "EXT 2005"]
[Source "ChessBase"]
[SourceDate "2004.11.15"]
[SourceVersion "1"]
[SourceVersionDate "2004.11.15"]
[SourceQuality "1"]
[WhiteTeam "Westerkappeln"]
[BlackTeam "Emsdetten Rochade III"]
[WhiteTeamCountry "GER"]
[BlackTeamCountry "GER"]

1. e4 e6 2. Nf3 d5 3. exd5 exd5 4. d4 Bg4 5. Be2 Bd6 6. Nc3 Bb4 7. Bd2 Nc6 8. a3 Ba5 9. 0-0 Nf6 10. Bb5 0-0 11. Bxc6 bxc6 12. h3 Bh5 13. g4 Bg6 14. Ne5 Bxc3 15. Bxc3 Qd6 16. Bb4 Qe6 17. Bxf8 Rxf8 18. Nxg6 hxg6 19. Re1 Qd6 20. Qf3 c5 21. Rad1 c6 22. c3 c4 23. Re3 Ne4 24. Kg2 f5 25. Qe2 f4 26. Rf3 Ng5 27. Re1 Nxf3 28. Kxf3 Kf7 29. Qe5 Qxe5 30. Rxe5 Rb8 31. Re2 g5 32. Kg2 a5 33. f3 a4 34. Kg1 1/2-1/2